Lyrics raten #48.2 - Statistics

General Stats
  • This quiz has been taken 6 times
  • The average score is 239 of 500
Answer Stats
Answer % Correct
den
100%
Denn
100%
der
100%
“Der
100%
dir
100%
dir,
100%
du
100%
Du
100%
du,
100%
Ich
100%
ich
100%
“Ich
100%
sie
100%
wie
100%
Wie
100%
bin
83%
bist
83%
Bist
83%
da,
83%
das
83%
ein
83%
eine
83%
er
83%
Er
83%
er,
83%
es
83%
Es
83%
hast
83%
Hast
83%
ist
83%
Junge
83%
mich
83%
mit
83%
nicht
83%
so
83%
und
83%
Und
83%
will
83%
wir
83%
Aber
67%
Dass
67%
dich
67%
die
67%
Doch
67%
doch
67%
für
67%
Für
67%
gut
67%
hab
67%
hab,
67%
haben
67%
hat
67%
her,
67%
in
67%
kein
67%
man
67%
ne
67%
nur
67%
sag
67%
uns
67%
viel
67%
war
67%
was
67%
zu
67%
Zu
67%
Alle
50%
alles,
50%
alles
50%
an,
50%
Arsch,
50%
bei
50%
dein
50%
deine
50%
deinen
50%
diese
50%
einem
50%
einen
50%
einer
50%
ficken
50%
gar
50%
geht
50%
Geld”,
50%
Geld
50%
hätte
50%
hier,
50%
ihm
50%
jede
50%
jetzt
50%
Jetzt
50%
mal
50%
Mann,
50%
mir
50%
nein,
50%
nichts,
50%
sagte
50%
sich
50%
von
50%
vor
50%
Weil
50%
weil
50%
Also
33%
also
33%
arme
33%
auch
33%
Auf
33%
auf
33%
behandelt
33%
cool
33%
diesem
33%
durch
33%
Eltern
33%
Freund
33%
genug,
33%
gesagt
33%
hattest
33%
heut
33%
Hund”,
33%
Jeden
33%
jeden
33%
keinen
33%
“Keiner
33%
keiner
33%
machen
33%
mehr
33%
musste
33%
Mutter
33%
nach
33%
nahm
33%
of
33%
oft
33%
Plötzlich
33%
raus,
33%
rein,
33%
Sachen
33%
seine
33%
seinen
33%
sowas
33%
sowieso
33%
Tag
33%
tat
33%
um
33%
unser
33%
warst
33%
wegen
33%
wollt
33%
wollte,
33%
wolltest
33%
wurde
33%
yeah
33%
zeigen,
33%
Zeug
33%
abgehoben
17%
abgezogen
17%
Abou-Chaker
17%
allen
17%
allerbester
17%
Anis,
17%
Arafat
17%
Arbeit,
17%
Ari
17%
Art,
17%
ausgelacht,
17%
Backup-Rapper
17%
Bares
17%
beizubringen
17%
Belvedair
17%
Berlin
17%
Bescheid
17%
beschweren
17%
besoffen
17%
bezahl
17%
bezahlen
17%
Bilal
17%
Blind,
17%
blondierten
17%
Bracht
17%
Brain
17%
brauchtest,
17%
Champagne
17%
Clown
17%
Cocaine
17%
Cosimo
17%
Cousins
17%
Cowboy
17%
Damit
17%
darauf
17%
deiner
17%
Deutschland,
17%
dicke
17%
Ding”
17%
Disco
17%
Draht
17%
Dreistigkeit
17%
eigenen
17%
eigenes
17%
einfach
17%
erst
17%
famegeile
17%
featurte
17%
fingst
17%
for
17%
Fotzen
17%
Frech
17%
Freundschaft
17%
geblecht
17%
gebürgt
17%
gefiel
17%
gelacht
17%
gelogen,
17%
gemacht
17%
gerecht
17%
geschlagen,
17%
gesorgt
17%
getan
17%
gibst
17%
grade
17%
Haare
17%
harter
17%
Hauptstadt
17%
heimgefahren
17%
heissen
17%
heisst
17%
hierher
17%
hinterher
17%
Hofftest
17%
Hype
17%
Idee
17%
ins
17%
insgeheim,
17%
Jackpot
17%
Jahre
17%
kam
17%
kannt
17%
Katzbach-Cafe
17%
Kay,
17%
Kay”
17%
Kay
17%
Kay?
17%
kennt
17%
klar
17%
Klicks
17%
Koks
17%
Kontakt
17%
Korb
17%
Kosten
17%
krochst
17%
lacht
17%
Landstreicher
17%
lästern
17%
Laufpass
17%
legtest
17%
leid
17%
Leinwand,
17%
Lippe
17%
lud
17%
machte
17%
Metrosexuellen
17%
minimum
17%
Mucke
17%
MySpace
17%
Nachricht
17%
nen
17%
nennt,
17%
nichtmal
17%
nimmt
17%
oben
17%
Österreich,
17%
paar
17%
pain,
17%
Papa
17%
Party
17%
pleite
17%
Prince
17%
regelt
17%
reingefallen
17%
reiten
17%
Respekt
17%
riskiert
17%
Saad
17%
Schecks,
17%
“Scheiss
17%
Schellen
17%
Schickimicki,
17%
schickst
17%
Schulden
17%
Schweiz,
17%
Schweiz
17%
selbst
17%
selbstverständlich
17%
Seltsam,
17%
Shindy
17%
Shows
17%
Silvester,
17%
sofort
17%
Solo-Show
17%
später
17%
Stadt
17%
ständig
17%
Studiotage
17%
Style
17%
suchtest
17%
the
17%
tja,
17%
Tour
17%
trägt
17%
tun
17%
über
17%
umbedingt
17%
Vatermord
17%
versucht,
17%
Vier
17%
Vierhunderttausend
17%
waren
17%
Weiber
17%
Weise
17%
weisst,
17%
Weisst
17%
Wenig
17%
werden
17%
wusstest,
17%
Youtube,
17%
Zeitpunkt
17%
No matching quizzes found
Score Distribution
Percent of People with Each Score
Percentile by Number Answered
Your Score History
You have not taken this quiz